| 000 | 00619cam a22002174a 4500 | ||
|---|---|---|---|
| 008 | |||
| 020 | _a0443062714(pbk.) | ||
| 049 | _aMAIN | ||
| 050 | 0 | 0 | _aRC584.A77 ARS |
| 100 | 1 | _aArshad, S. Hasan. | |
| 245 | 1 | 0 |
_aAllergy : _ban illustrated colour text / _cS. Hasan Arshad. |
| 260 |
_aEdinburgh ; _aNew York : _bChurchill Livingstone, _c2002. |
||
| 300 |
_aix, 2-113 p. : _bill., port. ; _c30 cm. |
||
| 500 | _aIncludes index. | ||
| 650 | 0 | _aAllergy. | |
| 907 |
_a.b10240160 _b27-07-12 _c24-04-07 |
||
| 003 | |||
| 005 | 20230120203946.0 | ||
| 040 | _cNUST | ||
| 942 | _cBOOKS | ||
| 999 |
_c114597 _d114597 |
||